000 01274cam a22003012 4500
001 13267
003 BD-RjUL
005 20211208235429.0
008 140130t1973 sz a b 101 0 eng d
035 _a(BD-RjUL)13318
040 _aFCR
_cFCR
_dOCL
_dEQO
_beng
041 _aeng
082 0 4 _216
_a614.47
_bINT 1973
096 _aQW 805 .I615 1973
245 0 0 _aInternational Symposium on Vaccination Against Communicable Diseases :
_cacting editor: F.T. Perkins.
_bproceedings of the 45th symposium organized by the International Association of Biological Standardization and held at the International Convention Centre, Monaco, 14-17 March 1973 /
260 _aBasel ;
_aNew York :
_bdistributed by S. Karger,
_cc1973.
300 _axiii, 407 p. :
_bill. ;
_c23 cm.
490 1 _aSymposia series in immunological standardization ;
_vv. 22
504 _aIncludes bibliographical references and index.
650 2 _aVaccination
_xcongresses
_941321
650 2 _aVaccines
_xcongresses
_941322
650 2 _aImmunity
_xcongresses
_941323
830 0 _vv. 22
_941332
700 1 _aPerkins, F. T.
_941325
710 2 _aInternational Association of Biological Standardization.
_941326
830 0 _aSymposia series in immunological standardization ;
_941333
942 _2ddc
_cBK
999 _c13267
_d13267